| 000 | 00666nam a2200193 4500 | ||
|---|---|---|---|
| 008 | 050804s1988 ilu b 001 0 eng | ||
| 020 | _a1555134327 | ||
| 090 |
_aP306 _bM37 |
||
| 100 | 1 | _aMas`¯ud, M¯ar¯i. | |
| 245 | 1 | 0 |
_aTranslate to communicate : _ba guide for translators / _cMary M.F. Massoud. |
| 260 |
_aElgin, Ill., USA : _bD.C. Cook Foundation, _cc1988. |
||
| 300 |
_a88 p. ; _c22 cm. |
||
| 490 | 1 | _aDavid C. Cook Foundation monographs | |
| 500 | _aIncludes index. | ||
| 504 | _aBibliography: p. 79-82. | ||
| 650 | 4 | _aTranslating and interpreting. | |
| 700 | 1 | _aMassoud, Mary M. F. | |
| 951 |
_p28479 _x00031195 _oP306/M37 _j070613111509390 _d2000-12-21 _cGC |
||
| 999 |
_c24112 _d24112 |
||